| 000 | 00380nam a2200121Ia 4500 | ||
|---|---|---|---|
| 008 | 230907s9999||||xx |||||||||||||| ||und|| | ||
| 082 |
_a539.7 _bHEY |
||
| 100 |
_aHeyde, Kris L. G., _9115933 |
||
| 245 | 0 | _aBasic ideas and concepts in nuclear physics : | |
| 260 |
_aInstitute of Physics Pub., _bBristol, [England] ; | Philadelphia : _c2004 |
||
| 300 | _axxix, 638 p. : | ||
| 942 | _cBK | ||
| 999 |
_c600227 _d600227 |
||